Moments in mathematics /

Guardado en:
Autor Corporativo: American Mathematical Society.
Otros Autores: Landau, Henry J., 1940-
Formato: Libro
Idioma:English
Publicado: Providence, R.I. : American Mathematical Society, c1987.
Series:Proceedings of symposia in applied mathematics ; v. 37.
Proceedings of symposia in applied mathematics. AMS short course lecture notes.
Materias:
Etiquetas: Agregar Etiqueta
Sin Etiquetas, Sea el primero en etiquetar este registro!
LEADER 01181cam a2200265 a 4500
001 MAT.inmabb005434
008 920619s1987####riua#####b####101#0#eng##
005 20171010172454.0
245 0 0 |a Moments in mathematics /  |c Henry J. Landau, editor. 
260 |a Providence, R.I. :  |b American Mathematical Society,  |c c1987. 
300 |a xi, 154 p. :  |b il. ;  |c 26 cm. 
490 1 |a Proceedings of symposia in applied mathematics,  |x 0160-7634 ;  |v v. 37.  |a AMS short course lecture notes 
500 |a "Lecture notes prepared for the American Mathematical Society short course ... held in San Antonio, Texas, January 20-22, 1987"--T.p. verso. 
504 |a Incluye referencias bibliográficas e índice. 
510 4 |a MR,  |c 88g:44001 
020 |a 0821801147 (alk. paper) 
700 1 |a Landau, Henry J.,  |d 1940- 
710 2 |a American Mathematical Society. 
830 0 |a Proceedings of symposia in applied mathematics ;  |v v. 37. 
830 0 |a Proceedings of symposia in applied mathematics.  |p AMS short course lecture notes. 
650 0 |a Moment problems (Mathematics)  |x Congresses. 
084 |a *CODIGO*  |2 MR 
010 |a  87019384  
040 |a DLC  |c DLC  |d DLC 
859 |k H  |p PSAPM-37  |b BIB. MATEMATICA